Tokyo chic : hotels, restaurants, shops, spas.
| Format: | Book |
|---|---|
| Published: |
London:
Kuperard,
2007.
|
| Subjects: |
| LEADER | 00483cam a2200157 7i4500 | ||
|---|---|---|---|
| 001 | 0000021264 | ||
| 005 | 20080522090000.0 | ||
| 020 | 0 | 0 | |a 978-1-85733-417-3 |
| 090 | 0 | 0 | |a JAPN 915.213504 |b TOK |
| 245 | 0 | 0 | |a Tokyo chic : |b hotels, restaurants, shops, spas. |
| 260 | 0 | 0 | |a London: |b Kuperard, |c 2007. |
| 300 | # | # | |a 216 p. |
| 650 | 0 | 0 | |a Tokyo, Japan -- |x Guidebooks |
| 650 | 0 | 0 | |a Tokyo, Japan -- |x Description and travel |
| 651 | 0 | 0 | |a Japan |
| 999 | |a 0000022065 |b Book |c Countries |e Business Information Centre | ||


